| 000 | 00800nam a2200169Ia 4500 | ||
|---|---|---|---|
| 005 | 20251020182612.0 | ||
| 008 | 200515s9999 xx 000 0 und d | ||
| 082 | _aSC/69.002.2:728/C73 | ||
| 110 | _aAidCryrza | ||
| 245 | 0 | _aContenido y resumen de conferencias del curso de adiestramiento sobre : planificación, administración y ejecución de programas de construcción y ejecución de viviendas por auto-ayuda | |
| 260 | _aHuaraz | ||
| 260 | _c1973 | ||
| 520 | _aComo resultado de los dos seminarios de Adiestramiento sobre planificación, administración y ejecución de programas de construcción de viviendas por Auto-Ayuda llevados a cabo en la ciudad de Huaraz del 26 de Octubre al 4 de Noviembre de 1972. Las entidad | ||
| 650 | _aAUTOCONSTRUCCION | ||
| 650 | _aVIVIENDAS | ||
| 942 | _cLIB | ||
| 999 |
_c3390 _d3390 |
||